Judhottar jugar Asamiya natakat thaluwa kala shailir prayug: (Record no. 11831)

MARC details
000 -LEADER
fixed length control field 00583nam a22001817a 4500
005 - DATE AND TIME OF LATEST TRANSACTION
control field 20260515115023.0
008 - FIXED-LENGTH DATA ELEMENTS--GENERAL INFORMATION
fixed length control field 240612b |||||||| |||| 00| 0 eng d
020 ## - INTERNATIONAL STANDARD BOOK NUMBER
International Standard Book Number 9789387035102
040 ## - CATALOGING SOURCE
Original cataloging agency IN-DiNC
Transcribing agency IN-DiNC
041 ## - LANGUAGE CODE
Language code of sung or spoken text asm
082 ## - DEWEY DECIMAL CLASSIFICATION NUMBER
Classification number 891.4512
Item number DEK
100 ## - MAIN ENTRY--PERSONAL NAME
Personal name Deka, Pankaj Kumar
Relator term author
245 ## - TITLE STATEMENT
Title Judhottar jugar Asamiya natakat thaluwa kala shailir prayug:
Remainder of title (aashir dashakar bishesh ullikhansaha)/
Statement of responsibility, etc. by Pankaj Kumar Deka
260 ## - PUBLICATION, DISTRIBUTION, ETC.
Place of publication, distribution, etc. Guwahati:
Name of publisher, distributor, etc. Olympia prakashan,
300 ## - PHYSICAL DESCRIPTION
Extent 146p.
650 ## - SUBJECT ADDED ENTRY--TOPICAL TERM
Topical term or geographic name entry element Research book on Assamese drama of 1980's
942 ## - ADDED ENTRY ELEMENTS (KOHA)
Source of classification or shelving scheme Dewey Decimal Classification
Koha item type Books
Holdings
Withdrawn status Lost status Source of classification or shelving scheme Damaged status Not for loan Collection Home library Current library Shelving location Date acquired Cost, normal purchase price Total checkouts Full call number Barcode Date last seen Copy number Price effective from Koha item type
    Dewey Decimal Classification       Naharkatiya College Library Naharkatiya College Library General stacks 06/12/2024 250.00   891.4512 DEK 25689 06/12/2024 1 06/12/2024 Books